Financing the community budget : the way ahead (Record no. 416488)

000 -LEADER
fixed length control field 00458cam a22001337a 4500
008 - FIXED-LENGTH DATA ELEMENTS--GENERAL INFORMATION
fixed length control field 180718b1979 xxu||||| |||| 00| 0 eng d
020 ## - INTERNATIONAL STANDARD BOOK NUMBER
International Standard Book Number 9282507246
082 ## - DEWEY DECIMAL CLASSIFICATION NUMBER
Classification number L1x5 Eu72
245 ## - TITLE STATEMENT
Title Financing the community budget : the way ahead
Statement of responsibility, etc. by European Communities Commission
260 ## - PUBLICATION, DISTRIBUTION, ETC.
Place of publication, distribution, etc. Luxembourg
Name of publisher, distributor, etc. European Communities Commission
Date of publication, distribution, etc. 1979
300 ## - PHYSICAL DESCRIPTION
Extent 21p.
650 ## - SUBJECT ADDED ENTRY--TOPICAL TERM
Topical term or geographic name entry element European Economic Community --Finance.
700 ## - ADDED ENTRY--PERSONAL NAME
Personal name Europe.European Communities Commission
Holdings
Withdrawn status Lost status Damaged status Not for loan Permanent Location Current Location Date acquired Full call number Barcode Date last seen Price effective from Koha item type
        Indian Institute of Public Administration Indian Institute of Public Administration 2009-03-17 L1x5 Eu72 DA5205 2018-07-21 2018-07-21 DA

Powered by Koha